Responses for Show #6711 - Monday, November 18, 2013

2013 Teachers Tournament semifinal game 1.

Contestants

[<< previous game]

Katie Moriarty, a 5th grade teacher from Cincinnati, Ohio

Timothy Shuker-Haines, a high school history teacher from Williamstown, Massachusetts

John Pearson, a 4th grade math teacher from Richardson, Texas

[next game >>]

Jeopardy! Round responses

PLACES
PEOPLE
THINGS
"OH"
ONE MORE ITEM
NUCLEAR PHYSICS
    $200 22
(John: What is Russia?)

Mongolia

JohnTimothy
    $200 7
Prince

Timothy
    $200 12
the wind

John
    $200 1
pharaoh

John
    $200 17
a royal flush

John
    $200 6
carbon

Katie
    $400 23
Hispaniola

Triple Stumper
    $400 8
Gwyneth Paltrow

Timothy
    $400 27
(Timothy: It's the warm-up circle.)

the on-deck circle

TimothyKatie
    $1,000 2
Bohemia

John
    $400 18
ten lords a-leaping

John
    $400 13
an electron

John
    $600 24
(Timothy: What is the Dead Sea?)

the Sea of Galilee

Timothy
Triple Stumper
    $600 9
Nurse Jackie

Katie
    $600 28
(John: What is a hitch?)

a coupler

John
Triple Stumper
    $600 3
D'oh!

Timothy
    $600 19
Stephen Harper

Triple Stumper
    $600 14
a particle accelerator

Katie
    $800 25
the Crimean Peninsula

John
    $800 10
Mia Farrow

Katie
    $800 29
a unicycle

John
    $800 4
Mohs

John
    $800 20
Worcestershire sauce

Katie
    $800 15
quarks

John
    $1000 26
(John: What is La Paz?)

Caracas

John
Triple Stumper
    $1000 11
(Timothy: Uh, what is the Harlem Shuffle?)

the Harlem Shake

Timothy
Triple Stumper
    $1000 30
a blowout preventer

Katie
    $1000 5
black cohosh

Triple Stumper
    $1000 21
a bonobo

Timothy
    $1000 16
a pulse

John

Scores at the first commercial break (after clue 15):

John Timothy Katie
$3,400 $200 $2,200

Scores at the end of the Jeopardy! Round:

John Timothy Katie
$4,800 $400 $4,400

Double Jeopardy! Round responses

SHORT STORIES
THE PRODUCERS
(Alex: You have to name the producer in that category.)
MORE THAN ONE MEANING
OPERA & BALLET CHARACTERS
EVERYBODY MUST GET BIRTHSTONES
(Alex: And finally, thanks to our friends at PBS...)
AMERICAN EXPERIENCE: JFK
    $400 3
(John: What is 10?)

100

JohnTimothy
    $400 16
Warner

Timothy
    $400 1
gross

Katie
    $400 26
the Sugar Plum Fairy

John
    $400 21
ruby

Katie
    $400 11
Cuba

Timothy
    $800 7
Salem

John
    $800 17
(Timothy: Who is Dennis Hopper?)

(Peter) Fonda

JohnTimothy
    $800 2
a pike

John
    $800 27
Brünnhilde

John
    $800 22
emerald

John
    $800 12
the PT-109

John
    $2,500 8
(John: What is Guys and Dolls?)

Pal Joey

John
    $1200 18
Jerry Bruckheimer

Triple Stumper
    $1200 4
a round

Triple Stumper
    $1200 28
Fidelio

Timothy
    $1200 23
diamond

Katie
    $1200 13
Newport

Timothy
    $1600 9
Alice Munro

Timothy
    $1600 19
(Judd) Apatow

John
    $2,000 5
cordial

Timothy
    $1600 29
[The end-of-round signal sounds.]

the Firebird

Timothy
    $1600 24
sapphire

John
    $1600 14
(John: What is Montgomery?)
(Katie: What is Tuscaloosa?)

Birmingham

JohnKatie
Triple Stumper
    $2000 10
"The Man Without a Country"

Triple Stumper
    $2000 20
Roger Corman

Triple Stumper
    $2000 6
exact

Triple Stumper
    $2000 25
garnet

Katie
    $2000 15
(Katie: What is Graves' Disease?)

Addison's Disease

Katie
Triple Stumper

Scores at the end of the Double Jeopardy! Round:

John Timothy Katie
$8,700 $8,400 $4,800

[wagering suggestions for these scores]

Final Jeopardy! Round responses

BUILDINGS
KatieWhat is the Flatiron Bldg?
$4,800
TimothyWhat is the Empire State Building
$8,400
JohnWhat is the Empire State Building?
$8,200
the U.S. Supreme Court Building

Final scores:

John Timothy Katie
$500 $0 $0
Finalist 2nd place: $10,000 3rd place: $10,000

Game dynamics:

Coryat scores:

John Timothy Katie
$10,600 $8,000 $4,800
20 R
(including 1 DD),
6 W
(including 1 DD)
13 R
(including 1 DD),
4 W
11 R,
2 W

Combined Coryat: $23,400

[game clues] [game scores] [suggest correction]

Game tape date: 2013-10-23
The J! Archive is created by fans, for fans. Scraping, republication, monetization, and malicious use prohibited; this site may use cookies and collect identifying information. See terms. The Jeopardy! game show and all elements thereof, including but not limited to copyright and trademark thereto, are the property of Jeopardy Productions, Inc. and are protected under law. This website is not affiliated with, sponsored by, or operated by Jeopardy Productions, Inc. Join the discussion at JBoard.tv.